书目信息 |
| 题名: |
公共管理中的方法与技术
|
|
| 作者: | 魏娜 , 张璋 主编 | |
| 分册: | ||
| 出版信息: | 北京 中国人民大学出版社 1999.12 |
|
| 页数: | 254页 | |
| 开本: | 23cm | |
| 丛书名: | 21世纪公共行政系列教材 | |
| 单 册: | ||
| 中图分类: | D035 | |
| 科图分类: | ||
| 主题词: | 公共管理--gong gong guan li | |
| 电子资源: | ||
| ISBN: | 7-300-03343-1 | |
| 000 | 01011nam 2200277 450 | |
| 001 | 012008561166 | |
| 005 | 20080112150952.68 | |
| 010 | @a7-300-03343-1@dCNY20.00 | |
| 100 | @a20080112d1999 em y0chi0120 ea | |
| 101 | 0 | @achi |
| 102 | @aCN@b110000 | |
| 105 | @ay a 000yy | |
| 106 | @ar | |
| 200 | 1 | @a公共管理中的方法与技术@Agong gong guan li zhong de fang fa yu ji shu@f魏娜, 张璋主编@Fwei na,zhang zhang zhu bian |
| 210 | @a北京@c中国人民大学出版社@d1999.12 | |
| 215 | @a254页@d23cm | |
| 225 | 2 | @a21世纪公共行政系列教材@A21 shi ji gong gong xing zheng xi lie jiao cai |
| 320 | @a有书目 (第252-254页)。 | |
| 330 | @a本书的主要内容包括:目标管理、目标管理的含义、目标管理的引进、目标的制定、目标的实施、全面质量管理、全面致力于全面质量管理等。 | |
| 410 | 0 | @12001 @a21世纪公共行政系列教材 |
| 606 | 0 | @a公共管理@Agong gong guan li |
| 690 | @aD035@v4 | |
| 701 | 0 | @a魏娜@Awei na@4主编 |
| 701 | 0 | @a张璋@Azhang zhang@4主编 |
| 801 | 0 | @aCN@bQSSK@c20080112 |
| 905 | @b277342-44@dD035@eW590@f3 | |
| 公共管理中的方法与技术/魏娜, 张璋主编.-北京:中国人民大学出版社,1999.12 |
| 254页;23cm.-(21世纪公共行政系列教材) |
| ISBN 7-300-03343-1:CNY20.00 |
| 本书的主要内容包括:目标管理、目标管理的含义、目标管理的引进、目标的制定、目标的实施、全面质量管理、全面致力于全面质量管理等。 |
| ● |
| 相关链接 |
|
|
|
正题名:公共管理中的方法与技术
索取号:D035/W590
 
预约/预借
| 序号 | 登录号 | 条形码 | 馆藏地/架位号 | 状态 | 备注 |
| 1 | 277342 | 202773427 | 社科库509/509社科库 67排8列1层/ [索取号:D035/W590] | 在馆 | |
| 2 | 277343 | 202773436 | 社科库509/509社科库 67排8列1层/ [索取号:D035/W590] | 在馆 | |
| 3 | 277344 | 202773445 | 社科库509/509社科库 67排8列1层/ [索取号:D035/W590] | 在馆 |